000 00511nam a2200157 i 4500
001 74344
003 ES-MaACL
005 20250717063028.0
007 t|
008 040917s1910 sp ||||1| spa d
100 1 _aGonzález Revilla, Leopoldo,
_d1858-1915
_958905
245 1 0 _aCuestionario financiero
_b: prescriptibilidad de crédito en contra y a favor del Estado /
_cLeopoldo González Revilla.
260 _a[Madrid :
_bs.n.,
_c1910]
852 _aES-MaACL
_jT-1191-F-4
999 _c74344
_d74344